000 00845nam a2200241Ia 4500
008 130821s2010 xxua gr eng
020 _a978 1 55581 473 1
040 _aCo-BoUCM
_bspa
041 0 0 _aeng
060 0 0 _aQH 506
245 0 0 _aCellular and molecular biology of filamentous fungi
_cKatherine A. Borkovich y Daniel J. Ebbole, editores
260 _aWashington D.C. (Estados Unidos)
_bASM Press
_c2010
300 _axiii, 788 páginas
_bilustraciones
504 _aIncluye referencias bibliográficas e índice.
650 _aBiología molecular
_910131
650 _aCiencias naturales
_910813
650 _aCitología
_910948
650 _aHongos
_917016
650 _aMicrobiología
_919480
700 1 _aBorkovich, Katherine A.
_eed.
700 1 _aEbbole, Daniel J.
_eed.
942 _cLIBRO
_a25
_e1
_mC393
_2NLM
_hQH 506
_n0
999 _c76208
_d76208